| 000 | 00990nam a2200217Ia 4500 | ||
|---|---|---|---|
| 001 | 19442 | ||
| 003 | GE_BSU | ||
| 008 | 181216s||||||||xx |||||||||||||| ||und|| | ||
| 040 | _cGE_BSU | ||
| 080 | _a811.353(058) | ||
| 245 | _aიბერიულ-კავკასიური ენათმეცნიერების წელიწდეული : Ежегодник Иберийско-Кавказского Языкознания : ANNUAL Of Ibero-Caucasian Linguistics IV | ||
| 245 | _cსარედ. კოლ. ვ. აბაევი., შ. აფრიდონიძე., და სხვ.მთ.რედ:არნ.ჩიქობავა | ||
| 260 | _aთბილისი | ||
| 260 | _bმეცნიერება | ||
| 260 | _c1977 | ||
| 300 | _a393გვ;26სმ | ||
| 541 | _h6ლ. | ||
| 653 | _aენათმეცნიერება | ||
| 653 | _aიბერიულ-კავკასიური წელიწდეული | ||
| 942 | _cBK | ||
| 999 |
_c52420 _d52420 |
||